[Event "FIDE WRBTC Blitz-Pool 2024"]
[Site "Astana"]
[Date "2024.08.05"]
[Round "5.33"]
[White "Ulkhanov, Azamat"]
[Black "Lysakov, Anton"]
[Result "1-0"]
[WhiteElo "2006"]
[BlackElo "1947"]
[Annotator "ChessBase"]
[PlyCount "78"]
[EventDate "2024.08.01"]
[EventType "team-tourn"]
[EventCountry "KAZ"]
[SourceTitle "playchess.com"]
[Source "ChessBase"]
[SourceQuality "1"]

1. e4 e6 2. d4 d5 3. Nd2 c5 4. exd5 exd5 5. Ngf3 Nf6 6. Bb5+ Bd7 7. Bxd7+ Nbxd7 8. O-O Be7 9. Re1 O-O 10. Nf1 Ne4 11. dxc5 Bxc5 12. Be3 Qb6 13. Bxc5 Qxc5 14. Ne3 Ndf6 15. Qd4 Qb5 16. Rad1 Rfd8 17. c4 Qb6 18. Nxd5 Nxd5 19. Qxe4 Nf6 20. Rxd8+ Rxd8 21. Qc2 h6 22. h3 Qa6 23. a3 Rc8 24. c5 Qb5 25. b4 a5 26. Nd4 Qd7 27. Qc4 axb4 28. axb4 Rd8 29. Nf3 Re8 30. Rxe8+ Qxe8 31. b5 Qd8 32. Ne5 Qc7 33. Qd4 Kh8 34. Qd6 Qa5 35. Qd8+ Qxd8 36. Nxf7+ Kg8 37. Nxd8 Nd7 38. Nxb7 Kf7 39. c6 Ke6 1-0

[Event "FIDE WRBTC Blitz-Pool 2024"]
[Site "Astana"]
[Date "2024.08.05"]
[Round "5.34"]
[White "Pakleza, Zbigniew"]
[Black "Agajanova, Meryem"]
[Result "1-0"]
[WhiteElo "2483"]
[BlackElo "2007"]
[Annotator "ChessBase"]
[PlyCount "91"]
[EventDate "2024.08.01"]
[EventType "team-tourn"]
[EventCountry "KAZ"]
[SourceTitle "playchess.com"]
[Source "ChessBase"]
[SourceQuality "1"]

1. d4 Nf6 2. Nf3 d5 3. Bf4 e6 4. e3 Bd6 5. Bg3 c5 6. c3 Qc7 7. Nbd2 Nbd7 8. Be2 O-O 9. c4 b6 10. Rc1 Bb7 11. dxc5 bxc5 12. O-O Bxg3 13. hxg3 Rac8 14. Qa4 Qb6 15. Nb3 Bc6 16. Qa3 Ne4 17. Rfd1 Rfd8 18. Nfd2 Ndf6 19. cxd5 Bxd5 20. Nxe4 Nxe4 21. Bf3 Bxb3 22. Rxd8+ Rxd8 23. Bxe4 Bd5 24. Bxd5 Rxd5 25. e4 Re5 26. b4 h5 27. bxc5 Qc6 28. f3 Rg5 29. Kf2 a6 30. Qe3 Rg6 31. Qd4 Qc7 32. Qd6 Qa5 33. Rc2 Qa4 34. Rd2 h4 35. gxh4 Qa3 36. h5 Rh6 37. g4 Qc3 38. c6 e5 39. Qd8+ Kh7 40. c7 Rc6 41. Qd3 Qc5+ 42. Qe3 Rxc7 43. Qxc5 Rxc5 44. Kg3 Ra5 45. Rd5 f6 46. Rxa5 1-0

[Event "FIDE WRBTC Blitz-Pool 2024"]
[Site "Astana"]
[Date "2024.08.05"]
[Round "5.34"]
[White "Minnekhanov, Eldar"]
[Black "Abdsattar, Alisher"]
[Result "1-0"]
[WhiteElo "1750"]
[BlackElo "2025"]
[Annotator "ChessBase"]
[PlyCount "93"]
[EventDate "2024.08.01"]
[EventType "team-tourn"]
[EventCountry "KAZ"]
[SourceTitle "playchess.com"]
[Source "ChessBase"]
[SourceQuality "1"]

1. e4 e5 2. Nf3 Nc6 3. Bc4 Nf6 4. d4 exd4 5. O-O Nxe4 6. Re1 d5 7. Bxd5 Qxd5 8. Nc3 Qa5 9. Nxe4 Be6 10. Bd2 Qd5 11. Bg5 Bd6 12. Bf6 O-O 13. Bxd4 Be7 14. Nc3 Qh5 15. Ne5 Qxd1 16. Raxd1 Nxd4 17. Rxd4 Rad8 18. Rdd1 Bf6 19. f4 Rxd1 20. Rxd1 Rd8 21. Rxd8+ Bxd8 22. Kf2 Bf5 23. Nb5 c6 24. Nd6 f6 25. Nxf5 fxe5 26. fxe5 Kf7 27. Ke3 Ke6 28. Ke4 g6 29. Nd4+ Kf7 30. c4 Bb6 31. b4 a6 32. c5 Bc7 33. a4 Ke7 34. b5 axb5 35. axb5 cxb5 36. Nxb5 Bd8 37. Nd6 b6 38. Nc8+ Kd7 39. Nxb6+ Kc6 40. Kd4 Be7 41. Na4 Bf8 42. e6 Be7 43. Ke5 Kb5 44. c6 Kxc6 45. Nc3 Bd6+ 46. Kf6 Bxh2 47. e7 1-0

[Event "FIDE WRBTC Blitz-Pool 2024"]
[Site "Astana"]
[Date "2024.08.05"]
[Round "5.35"]
[White "Ezizov, Muhammet"]
[Black "Kulon, Klaudia"]
[Result "0-1"]
[WhiteElo "1909"]
[BlackElo "2415"]
[Annotator "ChessBase"]
[PlyCount "76"]
[EventDate "2024.08.01"]
[EventType "team-tourn"]
[EventCountry "KAZ"]
[SourceTitle "playchess.com"]
[Source "ChessBase"]
[SourceQuality "1"]

1. e4 e5 2. Nf3 Nc6 3. Bb5 a6 4. Ba4 d6 5. O-O Bd7 6. d4 exd4 7. Nxd4 b5 8. Bb3 Nxd4 9. Qxd4 c5 10. Qd5 c4 11. e5 dxe5 12. Bxc4 bxc4 13. Qxc4 Nf6 14. Re1 Be7 15. Nc3 O-O 16. Rxe5 Bd6 17. Re1 Qc7 18. Qh4 Rab8 19. Bg5 Rb4 20. f4 Bxf4 21. Kh1 Bd6 22. Ne4 Nxe4 23. Rxe4 Rxe4 24. Qxe4 Re8 25. Qd3 Bb5 26. Qf5 Re5 27. Qg4 Bd7 28. Qh4 Qxc2 29. Bf4 Be7 30. Qg3 Re6 31. Be5 Qg6 32. Qb3 h6 33. Qb8+ Kh7 34. Qc7 Bc6 35. Rg1 Bc5 36. Bg3 Bxg1 37. Kxg1 Qb1+ 38. Kf2 Qe1# 0-1

[Event "FIDE WRBTC Blitz-Pool 2024"]
[Site "Astana"]
[Date "2024.08.05"]
[Round "5.35"]
[White "Momyn, Madina"]
[Black "Kaipbayev, Aday"]
[Result "0-1"]
[WhiteElo "1733"]
[BlackElo "1711"]
[Annotator "NA"]
[PlyCount "74"]
[EventDate "2024.08.01"]
[EventType "team-tourn"]
[EventCountry "KAZ"]
[SourceTitle "playchess.com"]
[Source "ChessBase"]
[SourceQuality "1"]

1. d4 Nf6 2. g3 g6 3. Bg2 d5 4. c4 Bg7 5. Nf3 O-O 6. cxd5 Nxd5 7. Nc3 Nxc3 8. bxc3 c5 9. O-O Qa5 10. Bd2 Nc6 11. d5 Ne5 12. Nxe5 Bxe5 13. Qb3 Qc7 14. Rab1 c4 15. Qc2 a6 16. a4 Bd7 17. Rfd1 Bd6 18. Bh6 Rfd8 19. Rd4 Bf5 20. e4 Bd7 21. Bf1 b5 22. f4 Bc5 23. Kg2 Bxd4 24. cxd4 f6 25. e5 Bf5 26. Qc1 Bxb1 27. Qxb1 Rxd5 28. exf6 exf6 29. Qe4 Rad8 30. axb5 axb5 31. Qe6+ Qf7 32. Qc6 Qe7 33. Qb6 Qe4+ 34. Kh3 Rh5+ 35. Kg4 Rxh6 36. Qxb5 Qf5+ 37. Kf3 Qxb5 0-1

[Event "FIDE WRBTC Blitz-Pool 2024"]
[Site "Astana"]
[Date "2024.08.05"]
[Round "5.36"]
[White "Kurlak, Jakub"]
[Black "Sholpanbek, Zhansaya"]
[Result "0-1"]
[WhiteElo "1828"]
[BlackElo "1752"]
[Annotator "NA"]
[PlyCount "58"]
[EventDate "2024.08.01"]
[EventType "team-tourn"]
[EventCountry "KAZ"]
[SourceTitle "playchess.com"]
[Source "ChessBase"]
[SourceQuality "1"]

1. d4 Nf6 2. Nf3 g6 3. g3 Bg7 4. Bg2 O-O 5. O-O d6 6. Re1 Nbd7 7. e4 e5 8. dxe5 dxe5 9. Nc3 c6 10. Bg5 Qe7 11. Qe2 h6 12. Be3 Nc5 13. Bd2 Bg4 14. h3 Bxf3 15. Bxf3 Ne6 16. Kg2 Nd4 17. Qd1 Rad8 18. Be2 Qd6 19. Bd3 b5 20. a3 a5 21. Ne2 b4 22. axb4 axb4 23. f4 b3 24. fxe5 Qxe5 25. Bc3 bxc2 26. Bxc2 c5 27. Ra5 Nxe4 28. Nxd4 Qxg3+ 29. Kh1 Nf2# 0-1

[Event "FIDE WRBTC Blitz-Pool 2024"]
[Site "Astana"]
[Date "2024.08.05"]
[Round "5.36"]
[White "Bozhgulova, Zaynabkhan"]
[Black "Gein, Dmitriy"]
[Result "0-1"]
[WhiteElo "1605"]
[BlackElo "1723"]
[Annotator "NA"]
[PlyCount "45"]
[EventDate "2024.08.01"]
[EventType "team-tourn"]
[EventCountry "KAZ"]
[SourceTitle "playchess.com"]
[Source "ChessBase"]
[SourceQuality "1"]

1. b3 e5 2. Bb2 Nc6 3. e3 d5 4. Nf3 Bd6 5. Be2 Nf6 6. O-O O-O 7. c4 dxc4 8. bxc4 e4 9. Nd4 Nxd4 10. Bxd4 Qe7 11. Bb2 Rd8 12. f4 exf3 13. Bxf3 Be5 14. d4 Bd6 15. Qe2 c5 16. d5 Be5 17. Nc3 a6 18. a4 Bf5 19. Rad1 Bg6 20. a5 Qc7 21. d6 Bxd6 22. Nd5 Nxd5 23. Bxd5 0-1

[Event "FIDE WRBTC Blitz-Pool 2024"]
[Site "Astana"]
[Date "2024.08.05"]
[Round "5.37"]
[White "Sindarov, Javokhir"]
[Black "Utegaliyev, Azamat"]
[Result "1-0"]
[WhiteElo "2674"]
[BlackElo "2418"]
[Annotator "ChessBase"]
[PlyCount "129"]
[EventDate "2024.08.01"]
[EventType "team-tourn"]
[EventCountry "KAZ"]
[SourceTitle "playchess.com"]
[Source "ChessBase"]
[SourceQuality "1"]

1. e4 d5 2. exd5 Qxd5 3. Nc3 Qd8 4. d4 g6 5. Nf3 Bg7 6. Bc4 Nf6 7. O-O O-O 8. h3 a6 9. a4 Nc6 10. Re1 b6 11. Bg5 Bb7 12. Bb3 Qd6 13. Ne4 Nxe4 14. Rxe4 e6 15. Bf4 Qd8 16. Bg5 Qd7 17. d5 Na5 18. Ba2 Bxd5 19. Re3 Qc6 20. Bxd5 Qxd5 21. Rd3 Qe4 22. c3 h6 23. Bh4 c5 24. Rd7 Qc4 25. Bg3 Qb3 26. Qxb3 Nxb3 27. Rad1 b5 28. axb5 axb5 29. Rb7 b4 30. Rdd7 Rad8 31. Rxd8 Rxd8 32. cxb4 c4 33. Rc7 Bxb2 34. Rxc4 Rd5 35. Kf1 Kg7 36. Ke2 Nc1+ 37. Ke1 Nd3+ 38. Ke2 Nc1+ 39. Ke1 Nd3+ 40. Kf1 Ba3 41. b5 Rxb5 42. Rc3 Rb1+ 43. Ke2 Nc1+ 44. Ke3 Rb3 45. Rxb3 Nxb3 46. Be5+ f6 47. Bc3 Bc5+ 48. Ke2 e5 49. g4 Kf7 50. Bd2 Nxd2 51. Nxd2 Ke6 52. Ne4 Be7 53. Ng3 f5 54. f3 Bh4 55. Nf1 Bg5 56. Ng3 Bf4 57. Nh1 Kd5 58. Nf2 Bg3 59. gxf5 gxf5 60. Nd1 Bf4 61. Nf2 Kd4 62. Nd1 Bg3 63. Ne3 Bf4 64. Nxf5+ Kd5 65. Kd3 1-0

[Event "FIDE WRBTC Blitz-Pool 2024"]
[Site "Astana"]
[Date "2024.08.05"]
[Round "5.37"]
[White "Williams, Justus"]
[Black "Makhnev, Denis"]
[Result "0-1"]
[WhiteElo "2361"]
[BlackElo "2551"]
[Annotator "ChessBase"]
[PlyCount "72"]
[EventDate "2024.08.01"]
[EventType "team-tourn"]
[EventCountry "KAZ"]
[SourceTitle "playchess.com"]
[Source "ChessBase"]
[SourceQuality "1"]

1. e4 e5 2. Nf3 Nc6 3. Bc4 Bc5 4. d3 Nf6 5. a4 a5 6. Bg5 h6 7. Bh4 Be7 8. Nc3 d6 9. Bxf6 Bxf6 10. Nd5 g6 11. c3 Bg7 12. h4 Ne7 13. h5 Nxd5 14. Bxd5 c6 15. Bb3 g5 16. Nd2 O-O 17. Nf1 Kh8 18. g4 d5 19. Ne3 Be6 20. Ba2 Qd7 21. Qf3 Rfd8 22. O-O d4 23. Nc4 Bxg4 24. Qg3 Bxh5 25. Nb6 Qd6 26. Nxa8 Rxa8 27. cxd4 Qxd4 28. Bc4 Rf8 29. Qe3 Qd7 30. Rab1 f5 31. exf5 Qxf5 32. Qe4 Qf6 33. d4 Bf3 34. Qxe5 Qd8 35. Qe6 Qxd4 36. b4 Qh4 0-1

[Event "FIDE WRBTC Blitz-Pool 2024"]
[Site "Astana"]
[Date "2024.08.05"]
[Round "5.38"]
[White "Zhalmakhanov, Ramazan"]
[Black "Ishmukhametov, Adil"]
[Result "1/2-1/2"]
[WhiteElo "2497"]
[BlackElo "2077"]
[Annotator "ChessBase"]
[PlyCount "105"]
[EventDate "2024.08.01"]
[EventType "team-tourn"]
[EventCountry "KAZ"]
[SourceTitle "playchess.com"]
[Source "ChessBase"]
[SourceQuality "1"]

1. e4 c5 2. Nc3 e6 3. Nf3 Nc6 4. d4 cxd4 5. Nxd4 Nf6 6. a3 Be7 7. Be3 d5 8. Bb5 Bd7 9. exd5 exd5 10. Nf3 Be6 11. O-O O-O 12. h3 a6 13. Bd3 h6 14. Re1 Qd7 15. Ne2 Bd6 16. Ned4 Bc7 17. Nxc6 bxc6 18. Bd4 Ne8 19. Ne5 Bxe5 20. Rxe5 Nf6 21. Qf3 Qc7 22. b4 Rfe8 23. Rae1 Nd7 24. Qg3 Nf6 25. f4 Bd7 26. Kh2 Qd6 27. Bc5 Qc7 28. Be7 Nh7 29. Bc5 Rxe5 30. Rxe5 Re8 31. Bd4 f6 32. Qg6 fxe5 33. Qxh7+ Kf8 34. Bc5+ Kf7 35. Bg6+ Kf6 36. Bxe8 Bxe8 37. Qg8 Bf7 38. Qf8 Kg6 39. Bd6 Qd7 40. Bxe5 Be6 41. g4 Kh7 42. f5 Bg8 43. Kg3 d4 44. Qc5 d3 45. cxd3 Qxd3+ 46. Kf4 Qd2+ 47. Qe3 Qh2+ 48. Ke4 Qc2+ 49. Kf4 Qh2+ 50. Ke4 Qc2+ 51. Kf4 Qh2+ 52. Ke4 Qc2+ 53. Qd3 1/2-1/2

[Event "FIDE WRBTC Blitz-Pool 2024"]
[Site "Astana"]
[Date "2024.08.05"]
[Round "5.38"]
[White "Suleyev, Alen"]
[Black "Vokhidov, Shamsiddin"]
[Result "0-1"]
[WhiteElo "2084"]
[BlackElo "2643"]
[Annotator "ChessBase"]
[PlyCount "66"]
[EventDate "2024.08.01"]
[EventType "team-tourn"]
[EventCountry "KAZ"]
[SourceTitle "playchess.com"]
[Source "ChessBase"]
[SourceQuality "1"]

1. d4 Nf6 2. c4 e6 3. Nc3 Bb4 4. a3 Bxc3+ 5. bxc3 b6 6. e3 Nc6 7. Bd3 d6 8. e4 Na5 9. Bg5 h6 10. Bh4 Qd7 11. Bxf6 gxf6 12. Nf3 Ba6 13. Nd2 h5 14. O-O O-O-O 15. Qf3 Qe7 16. e5 fxe5 17. dxe5 Bb7 18. Be4 dxe5 19. Rad1 f5 20. Bxb7+ Nxb7 21. Rfe1 e4 22. Qe3 Rd3 23. Qe2 Rhd8 24. Nf1 h4 25. Rc1 Nc5 26. h3 Na4 27. Qh5 Nxc3 28. Qh6 Kb7 29. c5 Qxc5 30. Qxe6 Ne2+ 31. Rxe2 Qxc1 32. Qxf5 Rd1 33. Qxe4+ Kb8 0-1

[Event "FIDE WRBTC Blitz-Pool 2024"]
[Site "Astana"]
[Date "2024.08.05"]
[Round "5.39"]
[White "Yakubboev, Nodirbek"]
[Black "Askarov, Bakhtiyar"]
[Result "1-0"]
[WhiteElo "2655"]
[BlackElo "2280"]
[Annotator "ChessBase"]
[PlyCount "99"]
[EventDate "2024.08.01"]
[EventType "team-tourn"]
[EventCountry "KAZ"]
[SourceTitle "playchess.com"]
[Source "ChessBase"]
[SourceQuality "1"]

1. d4 Nf6 2. c4 g6 3. Nc3 Bg7 4. e4 d6 5. Be2 O-O 6. Be3 e5 7. d5 a5 8. h3 Na6 9. Nf3 Nc5 10. Nd2 Ne8 11. g4 f5 12. exf5 gxf5 13. Qc2 Bd7 14. O-O-O Kh8 15. Rdg1 a4 16. a3 b6 17. h4 e4 18. h5 Be5 19. f4 exf3 20. Nxf3 Nb3+ 21. Kb1 f4 22. Bf2 Qe7 23. Bd3 Nf6 24. Bh4 Qg7 25. h6 Qf7 26. g5 Ng4 27. g6 hxg6 28. Bxg6 Qg8 29. Bd3 Qf7 30. Bg6 Qg8 31. Bd3 Qf7 32. Ka2 Rg8 33. Ng5 Qe8 34. Nb5 Ne3 35. Qe2 Bxb5 36. cxb5 Nc5 37. Ne6 Nxe6 38. dxe6 Qxe6+ 39. Kb1 Rxg1+ 40. Rxg1 Rg8 41. Rxg8+ Qxg8 42. Qh5 Qf8 43. Qg6 Qg8 44. Qe4 Qf7 45. Bg5 Kg8 46. Qa8+ Qf8 47. Bh7+ Kf7 48. Bg6+ Kg8 49. h7+ Kg7 50. Bh6+ 1-0

[Event "FIDE WRBTC Blitz-Pool 2024"]
[Site "Astana"]
[Date "2024.08.05"]
[Round "5.39"]
[White "Sakenov, Askar"]
[Black "Urazayev, Arystanbek"]
[Result "0-1"]
[WhiteElo "1715"]
[BlackElo "2466"]
[Annotator "ChessBase"]
[PlyCount "27"]
[EventDate "2024.08.01"]
[EventType "team-tourn"]
[EventCountry "KAZ"]
[SourceTitle "playchess.com"]
[Source "ChessBase"]
[SourceQuality "1"]

1. e4 c5 2. Nc3 Nc6 3. Bb5 Nf6 4. Bxc6 dxc6 5. f4 e5 6. fxe5 Ng4 7. Nf3 Qc7 8. d3 Nxe5 9. Nxe5 Qxe5 10. O-O Be6 11. Bf4 Qd4+ 12. Kh1 Be7 13. Qe2 O-O 14. Qd1 0-1

[Event "FIDE WRBTC Blitz-Pool 2024"]
[Site "Astana"]
[Date "2024.08.05"]
[Round "5.40"]
[White "Agmanov, Zhandos"]
[Black "Zhunusov, Nurlan"]
[Result "1-0"]
[WhiteElo "2458"]
[BlackElo "1771"]
[Annotator "ChessBase"]
[PlyCount "61"]
[EventDate "2024.08.01"]
[EventType "team-tourn"]
[EventCountry "KAZ"]
[SourceTitle "playchess.com"]
[Source "ChessBase"]
[SourceQuality "1"]

1. e4 e5 2. Nf3 Nc6 3. Bb5 a6 4. Ba4 b5 5. Bb3 Na5 6. O-O Nxb3 7. axb3 Bb7 8. Nxe5 Nf6 9. d3 Be7 10. Nf3 O-O 11. Nc3 d5 12. e5 Nd7 13. d4 b4 14. Ne2 Re8 15. Ng3 g6 16. Re1 Nf8 17. Be3 Rc8 18. Qd2 Ne6 19. Ne2 Qd7 20. Nf4 Ng7 21. Nd3 Ne6 22. Nxb4 Ra8 23. Nd3 Bf8 24. Ng5 Ng7 25. f4 Qc6 26. Bf2 f6 27. Nf3 Bc8 28. Qc3 Qb6 29. Qa5 Qc6 30. exf6 Ne6 31. f7+ 1-0

[Event "FIDE WRBTC Blitz-Pool 2024"]
[Site "Astana"]
[Date "2024.08.05"]
[Round "5.40"]
[White "Aligozhin, Zhaslan"]
[Black "Vakhidov, Jakhongir"]
[Result "1/2-1/2"]
[WhiteElo "2333"]
[BlackElo "2571"]
[Annotator "ChessBase"]
[PlyCount "109"]
[EventDate "2024.08.01"]
[EventType "team-tourn"]
[EventCountry "KAZ"]
[SourceTitle "playchess.com"]
[Source "ChessBase"]
[SourceQuality "1"]

1. e4 c5 2. Nf3 g6 3. d4 cxd4 4. Nxd4 Bg7 5. Nc3 Nc6 6. Nb3 Nf6 7. h4 d6 8. Bg5 h6 9. Bf4 Be6 10. Qd2 d5 11. exd5 Nxd5 12. Nxd5 Qxd5 13. Qxd5 Bxd5 14. O-O-O O-O-O 15. f3 e5 16. Be3 Kc7 17. a3 Bxb3 18. Rxd8 Rxd8 19. cxb3 Nd4 20. Bc4 f5 21. Kb1 Rd6 22. Rd1 a6 23. b4 Kd8 24. Bf1 Ke7 25. Bc4 h5 26. Bf1 Bf6 27. Bxd4 Rxd4 28. Rxd4 exd4 29. g3 f4 30. gxf4 Bxh4 31. Kc2 Bg3 32. Kd3 Bf2 33. Ke4 Kf6 34. Bh3 Be3 35. b3 b5 36. Bc8 h4 37. a4 Bd2 38. Kd3 Bxb4 39. Kxd4 Bd6 40. Ke4 bxa4 41. bxa4 a5 42. Bh3 Bb4 43. Bc8 Bd2 44. Bh3 Ke7 45. Bc8 Kd6 46. Bh3 Kc5 47. Bd7 Kb4 48. Kd3 Bxf4 49. Ke4 g5 50. Kd3 Kb3 51. Ke2 Kc3 52. Kf2 Kb4 53. Kg2 Kb3 54. Be8 Kb4 55. Bd7 1/2-1/2

[Event "FIDE WRBTC Blitz-Pool 2024"]
[Site "Astana"]
[Date "2024.08.05"]
[Round "5.41"]
[White "Nurman, Alua"]
[Black "Nasybullina, Alfia"]
[Result "1-0"]
[WhiteElo "2324"]
[BlackElo "2034"]
[Annotator "ChessBase"]
[PlyCount "57"]
[EventDate "2024.08.01"]
[EventType "team-tourn"]
[EventCountry "KAZ"]
[SourceTitle "playchess.com"]
[Source "ChessBase"]
[SourceQuality "1"]

1. e4 d5 2. exd5 Qxd5 3. Nc3 Qd6 4. d4 Nf6 5. h3 Nc6 6. Nf3 a6 7. Bc4 Bf5 8. O-O e6 9. Ne2 Na5 10. Bd3 Bxd3 11. Qxd3 c5 12. Bf4 Qd8 13. Rad1 Be7 14. c4 Nc6 15. Qb3 Na5 16. Qa4+ b5 17. cxb5 O-O 18. dxc5 Nd5 19. b4 Nc4 20. b6 Nb2 21. Qb3 Nxd1 22. Rxd1 Qc8 23. Be5 Bf6 24. Ned4 Rd8 25. Bxf6 Nxf6 26. c6 Rd5 27. b7 Qb8 28. bxa8=Q Qxa8 29. Rc1 1-0

[Event "FIDE WRBTC Blitz-Pool 2024"]
[Site "Astana"]
[Date "2024.08.05"]
[Round "5.41"]
[White "Bakyt, Ansar"]
[Black "Kamalidenova, Meruert"]
[Result "0-1"]
[WhiteElo "1488"]
[BlackElo "2352"]
[Annotator "ChessBase"]
[PlyCount "56"]
[EventDate "2024.08.01"]
[EventType "team-tourn"]
[EventCountry "KAZ"]
[SourceTitle "playchess.com"]
[Source "ChessBase"]
[SourceQuality "1"]

1. e4 c5 2. Nf3 Nc6 3. d4 cxd4 4. Nxd4 Nf6 5. Nc3 e6 6. Be3 Bb4 7. Qd3 O-O 8. Be2 Ne5 9. Qb5 Bxc3+ 10. bxc3 Qc7 11. O-O Nxe4 12. Bf4 d6 13. Qb3 Nxc3 14. Bxe5 dxe5 15. Nb5 Nxe2+ 16. Kh1 Qb6 17. Rae1 Nd4 18. Nxd4 exd4 19. Qd3 Bd7 20. Qd2 Bb5 21. Rg1 Qc5 22. Rd1 e5 23. Qe1 Rfe8 24. Qd2 Rac8 25. Rc1 e4 26. Qd1 e3 27. Qf3 e2 28. Qxb7 d3 0-1

[Event "FIDE WRBTC Blitz-Pool 2024"]
[Site "Astana"]
[Date "2024.08.05"]
[Round "5.42"]
[White "Kabylbek, Yedil"]
[Black "Khassenov, Mansur"]
[Result "1-0"]
[WhiteElo "1857"]
[BlackElo "1982"]
[Annotator "ChessBase"]
[PlyCount "67"]
[EventDate "2024.08.01"]
[EventType "team-tourn"]
[EventCountry "KAZ"]
[SourceTitle "playchess.com"]
[Source "ChessBase"]
[SourceQuality "1"]

1. d4 Nf6 2. Nc3 d5 3. Bf4 c5 4. e3 cxd4 5. exd4 Bg4 6. f3 Bd7 7. Nge2 e6 8. Nc1 a6 9. Bd3 Nc6 10. Nb3 Be7 11. O-O O-O 12. a3 b5 13. Ne2 Rc8 14. c3 Na5 15. Nxa5 Qxa5 16. Qd2 Qb6 17. Kh1 a5 18. b4 axb4 19. axb4 Ra8 20. Qb2 Qb7 21. Rfb1 Rxa1 22. Rxa1 Ra8 23. Nc1 Ne8 24. Nb3 Ra4 25. Bc2 Rxa1+ 26. Qxa1 Nd6 27. Nc5 Qc6 28. Qa7 Bf8 29. Qxd7 Qa8 30. h3 Qa1+ 31. Kh2 Nf5 32. Bxf5 exf5 33. Qe8 g6 34. Bh6 1-0

[Event "FIDE WRBTC Blitz-Pool 2024"]
[Site "Astana"]
[Date "2024.08.05"]
[Round "5.42"]
[White "Anetov, Amirzhan"]
[Black "Aitmukhanova, Dinara"]
[Result "1-0"]
[WhiteElo "1661"]
[BlackElo "1611"]
[Annotator "NA"]
[PlyCount "41"]
[EventDate "2024.08.01"]
[EventType "team-tourn"]
[EventCountry "KAZ"]
[SourceTitle "playchess.com"]
[Source "ChessBase"]
[SourceQuality "1"]

1. e4 e5 2. Nf3 Nc6 3. Bc4 Nf6 4. d3 Bc5 5. c3 Bb6 6. Nbd2 O-O 7. O-O d6 8. Re1 Bg4 9. h3 Bh5 10. Nf1 h6 11. g4 Bg6 12. Ng3 Nh7 13. Nf5 Bxf5 14. gxf5 Ng5 15. Nxg5 hxg5 16. Qg4 Bxf2+ 17. Kxf2 Ne7 18. Bxg5 c6 19. Bf6 Qb6+ 20. Kf1 g6 21. Qh4 1-0

[Event "FIDE WRBTC Blitz-Pool 2024"]
[Site "Astana"]
[Date "2024.08.05"]
[Round "5.43"]
[White "Bilguun, Sumiya"]
[Black "Akylbek, Zhaksylyk"]
[Result "1-0"]
[WhiteElo "2470"]
[BlackElo "1662"]
[Annotator "ChessBase"]
[PlyCount "67"]
[EventDate "2024.08.01"]
[EventType "team-tourn"]
[EventCountry "KAZ"]
[SourceTitle "playchess.com"]
[Source "ChessBase"]
[SourceQuality "1"]

1. e4 c6 2. d4 d5 3. exd5 cxd5 4. Bd3 Nc6 5. c3 Nf6 6. Bf4 Bg4 7. Qb3 Qb6 8. Qxb6 axb6 9. h3 Bh5 10. Na3 e5 11. Nb5 exf4 12. Nc7+ Kd8 13. Nxa8 Nd7 14. Bf5 Ncb8 15. a4 Bd6 16. a5 Re8+ 17. Kd2 f3 18. Nxf3 Bf4+ 19. Kd1 b5 20. Nb6 Nxb6 21. axb6 g6 22. Bd3 g5 23. Bxb5 f5 24. Bxe8 Kxe8 25. Ra7 Kd7 26. Rxb7+ Kc6 27. Rxh7 Bxf3+ 28. gxf3 Kxb6 29. Re1 Kb5 30. Re6 Kc4 31. Kc2 Kb5 32. Rb7+ Ka5 33. b4+ Ka4 34. Re1 1-0

[Event "FIDE WRBTC Blitz-Pool 2024"]
[Site "Astana"]
[Date "2024.08.05"]
[Round "5.43"]
[White "Bulatov, Dinmukhamed"]
[Black "Al-Mudahka, Mohd"]
[Result "0-1"]
[WhiteElo "1767"]
[BlackElo "2542"]
[Annotator "ChessBase"]
[PlyCount "39"]
[EventDate "2024.08.01"]
[EventType "team-tourn"]
[EventCountry "KAZ"]
[SourceTitle "playchess.com"]
[Source "ChessBase"]
[SourceQuality "1"]

1. e4 c5 2. Nf3 g6 3. d4 cxd4 4. Nxd4 Nc6 5. Nc3 Bg7 6. Be3 Nf6 7. Be2 O-O 8. Qd2 d5 9. exd5 Nxd5 10. Nxd5 Qxd5 11. Nxc6 Qxc6 12. Bf3 Qb5 13. c3 Bf5 14. Kd1 Rfd8 15. Kc1 Rxd2 16. Bxd2 Qd3 17. Bd1 Rd8 18. Be3 Bxc3 19. Bb3 Bd2+ 20. Kd1 0-1

[Event "FIDE WRBTC Blitz-Pool 2024"]
[Site "Astana"]
[Date "2024.08.05"]
[Round "5.44"]
[White "Zhu, Chen"]
[Black "Bugubayev, Satzhan"]
[Result "1-0"]
[WhiteElo "2423"]
[BlackElo "1411"]
[Annotator "ChessBase"]
[PlyCount "59"]
[EventDate "2024.08.01"]
[EventType "team-tourn"]
[EventCountry "KAZ"]
[SourceTitle "playchess.com"]
[Source "ChessBase"]
[SourceQuality "1"]

1. c4 c5 2. Nc3 g6 3. g3 Bg7 4. Bg2 Nc6 5. e4 d6 6. Nge2 Nf6 7. a3 O-O 8. Rb1 a5 9. O-O Ne5 10. d3 Nc6 11. h3 Bd7 12. Kh2 Ne5 13. f4 Nc6 14. Be3 e5 15. f5 b6 16. Qd2 Qe7 17. Bg5 Nd4 18. Nxd4 cxd4 19. Nd5 Qd8 20. Rf2 Bc6 21. Nxf6+ Bxf6 22. Bxf6 Qxf6 23. fxg6 Qxg6 24. b4 axb4 25. Qxb4 Rab8 26. Rbf1 Qe6 27. Rf6 Qe7 28. Rxd6 Bd7 29. Rg6+ hxg6 30. Qxe7 1-0

[Event "FIDE WRBTC Blitz-Pool 2024"]
[Site "Astana"]
[Date "2024.08.05"]
[Round "5.44"]
[White "Abuzyarov, Arlan"]
[Black "Chinguun, Sumiya"]
[Result "1/2-1/2"]
[WhiteElo "1851"]
[BlackElo "2389"]
[Annotator "ChessBase"]
[PlyCount "128"]
[EventDate "2024.08.01"]
[EventType "team-tourn"]
[EventCountry "KAZ"]
[SourceTitle "playchess.com"]
[Source "ChessBase"]
[SourceQuality "1"]

1. d4 Nf6 2. Nf3 e6 3. g3 d5 4. Bg2 c5 5. O-O Nc6 6. b3 b6 7. Bb2 Bb7 8. Nbd2 cxd4 9. Nxd4 Bc5 10. Nxc6 Bxc6 11. c4 O-O 12. cxd5 Bxd5 13. Bxf6 Qxf6 14. Bxd5 exd5 15. Nf3 Rad8 16. Qd3 Rfe8 17. Rad1 Re7 18. Rd2 h6 19. Rfd1 g5 20. h3 Rde8 21. Qxd5 Rxe2 22. Rxe2 Rxe2 23. Qd8+ Qxd8 24. Rxd8+ Kh7 25. Rd2 Bxf2+ 26. Kg2 Rxd2 27. Nxd2 Bc5 28. Kf3 f5 29. Nc4 Kg6 30. a3 b5 31. Ne5+ Kg7 32. Nc6 a6 33. b4 Bd6 34. Nd4 Kf6 35. g4 f4 36. Ke4 Be5 37. Nc6 Bc7 38. Nd4 Bd6 39. Nc6 Bc7 40. Nd4 Be5 41. Nc6 Bb2 42. Nb8 Bxa3 43. Nxa6 Kg6 44. Nc7 Bxb4 45. Nxb5 h5 46. Nd4 h4 47. Nc6 Bc3 48. Ne7+ Kf7 49. Nd5 Bd2 50. Nb6 Ke6 51. Nc4 Bc1 52. Ne5 Bb2 53. Nf3 Bf6 54. Nxh4 gxh4 55. Kxf4 Be5+ 56. Kf3 Kf6 57. g5+ Kf5 58. g6 Bg7 59. Kg2 Kf4 60. Kh1 Kg3 61. Kg1 Kxh3 62. Kh1 Kg3 63. Kg1 h3 64. Kh1 h2 1/2-1/2